Datum a čas kvízu
21
Celkem bodů
Celkový počet nahraných bodů na tomto kvízu bez doplňovacích otázek.
12.
Pořadí na kvízu
Konečné umístění týmu na tomto kvízu.
Zaznamenané odpovědi
| # | Otázka | Odpověď | Body | Výsledky |
|---|---|---|---|---|
| 1. | Jak se jmenuje bývalý vrcholný... | Jan Hamáček | 1 | |
| 2. | Minulý týden se stala hitem so... | Slovensko, ministerstvo kultury | 1 | |
| 3. | Minulý týden v úterý oslavil p... | Robbie Williams | 0 | |
| 4. | Nadnárodní gigant na poli výro... | Nike | 0 | |
| 5. | Martina Sáblíková obhájila na... | 33. medaile (uznáváme 30–36) | 1 | |
| 6. | Obec s nejdelším názvem v Česk... | A | 1 | |
| 7. | Česká republika se dělí na 14... | Karlovy Vary, Jihlava | 1 | |
| 8. | Nejníže položené sídlo v České... | Hřensko | 0 | |
| 9. | V této otázce bude potřeba k z... | 1D 2A 3B 4C | 0 | |
| 10. | V České republice jsou čtyři ú... | NP Šumava | 1 |